[Event "Hordaland-ch NGP B"]
[Site "Bergen"]
[Date "2013.06.01"]
[Round "2"]
[White "Merkesvik, Amalie Isabel"]
[Black "Drage, Alf Henning"]
[Result "0-1"]
[WhiteElo "951"]
[BlackElo "1005"]
[PlyCount "60"]
[EventDate "2013.05.31"]
[EventType "swiss"]
[EventRounds "5"]
[EventCountry "NOR"]
[SourceTitle "EXT 2024"]
[Source "ChessBase"]
[SourceDate "2023.10.10"]
[SourceVersion "1"]
[SourceVersionDate "2023.10.10"]
[SourceQuality "1"]

1. e4 e5 2. Nf3 Nc6 3. d4 exd4 4. Nxd4 Nf6 5. Nc3 Bc5 6. Be3 Nxd4 7. Bxd4 Qe7 8. Bxc5 Qxc5 9. Bd3 0-0 10. Qd2 Re8 11. 0-0-0 a6 12. h4 b5 13. h5 h6 14. e5 Rxe5 15. Rh3 Rxh5 16. Rg3 Rg5 17. Re1 Rxg3 18. fxg3 Bb7 19. Qf4 Qg5 20. Qxg5 hxg5 21. Ne4 Nxe4 22. Bxe4 Bxe4 23. Rxe4 Kf8 24. c4 Re8 25. Rxe8+ Kxe8 26. cxb5 axb5 27. Kc2 c5 28. b3 b4 29. Kd3 Ke7 30. Kc4 Kd6 0-1